| 000 | 00864nam a2200253 4500 | ||
|---|---|---|---|
| 001 | 785990 | ||
| 005 | 19690811000000.0 | ||
| 008 | 690730s1968 ge af 000 0 eng | ||
| 010 | _a 73398995 | ||
| 015 | _aGDNB68-A23-473 | ||
| 040 |
_aDLC _cDLC _dDLC |
||
| 041 | 1 | _aengger | |
| 050 | 0 | 0 |
_aTA735 _b.B7313 |
| 082 | 0 | 0 |
_a624.152 _222 _bBRE |
| 100 | 1 |
_aBreitung, Herbert. _97568 |
|
| 245 | 1 | 0 |
_aManual of Excavators/ _cBy Herbert Breitung; Translated from the German by Herbert Liebacher |
| 260 |
_aLeipzig) _bEdition Leipzig, _c1968 |
||
| 300 |
_a128 p.: _bwith illus., 2 plates.; _c20 cm. |
||
| 350 | _a9.80 | ||
| 490 | 0 | _aTechnical fundamentals | |
| 650 | 0 |
_aExcavating machinery. _97569 |
|
| 942 |
_2ddc _cBB |
||
| 999 |
_c12201 _d12201 |
||